[Event "International chess holiday M11"]
[Site "?"]
[Date "2019.07.21"]
[Round "1"]
[White "Lokander, Martin"]
[Black "Morling, Joakim"]
[Result "1-0"]
[WhiteElo "2397"]
[BlackElo "2081"]
[Annotator "Doe,John"]
[PlyCount "93"]

1. Nf3 e6 2. c4 b6 3. g3 Bb7 4. Bg2 f5 5. O-O Nf6 6. b3 Be7 7. Bb2 O-O
8. d3 d6 9. e4 fxe4 10. Ng5 Qd7 11. Bh3 Qc6 12. Bxe6+ Kh8 13. Bxf6 Bxf6 14.
Nxh7 exd3 15. Bd5 Qxd5 16. cxd5 Kxh7 17. Nc3 Ba6 18. Ne4 Nd7 19. Rc1 d2 20.
Rxc7 Rae8 21. Qh5+ Kg8 22. Nxf6+ Nxf6 23. Qg6 Nh5 24. Qxh5 Re1 25. Rc4 Bxc4 26.
bxc4 Rfe8 27. Kg2 R8e5 28. Qd1 Rxd1 29. Rxd1 Re4 30. Rxd2 Rxc4 31. h4 Kf7 32.
f4 b5 33. h5 a5 34. Kf3 Rc3+ 35. Kg4 a4 36. Kh4 a3 37. g4 Rc1 38. Kg5 b4 39. f5
Rb1 40. Rc2 Re1 41. Rc7+ Kf8 42. Rb7 Rb1 43. f6 b3 44. fxg7+ Kg8 45. Kg6 bxa2
46. h6 Rxb7 47. h7# 1-0

[Event "International chess holiday M11"]
[Site "?"]
[Date "2019.07.21"]
[Round "1"]
[White "Houska, Jiri"]
[Black "Schaefer, Martin"]
[Result "1-0"]
[WhiteElo "2169"]
[BlackElo "2011"]
[Annotator "Doe,John"]
[PlyCount "61"]

1. d4 f5 2. c4 d6 3. Nf3 Nf6 4. Nc3 g6 5. g3 Bg7 6. Bg2 O-O 7. O-O Qe8
8. d5 Na6 9. Nd4 Bd7 10. b3 Kh8 11. Bb2 g5 12. e4 fxe4 13. Nxe4 Nxe4 14. Bxe4
c5 15. dxc6 bxc6 16. Qb1 e5 17. Nf5 Qg6 18. Nxg7 Qxg7 19. Ba3 Rf6 20. Qd3 Bh3
21. Rfd1 Rd8 22. Bxc6 Nc7 23. Qe3 Qe7 24. Qxg5 Ne6 25. Qxe5 dxe5 26. Bxe7 Rxd1+
27. Rxd1 Rf7 28. Bd6 Kg8 29. Bxe5 Re7 30. Rd7 Kf7 31. Bd6 1-0

[Event "International chess holiday M11"]
[Site "?"]
[Date "2019.07.21"]
[Round "1"]
[White "Hogeman, Joel"]
[Black "Henztgen, Thomas"]
[Result "1-0"]
[WhiteElo "2140"]
[BlackElo "2004"]
[Annotator "Doe,John"]
[PlyCount "86"]

1. e4 e6 2. d4 d5 3. e5 c5 4. c3 Qb6 5. Nf3 Nc6 6. a3 Nh6 7. b4 cxd4 8.
cxd4 Nf5 9. Bb2 Bd7 10. Be2 Be7 11. O-O Rc8 12. Qd2 O-O 13. g4 Nh6 14. h3 Kh8
15. Nc3 Ng8 16. Rac1 f6 17. Na4 Qd8 18. Nc5 b6 19. Nb3 fxe5 20. dxe5 Rxf3 21.
Bxf3 Bg5 22. Qe2 Bxc1 23. Bxc1 Qc7 24. Bf4 Nge7 25. Bg3 a5 26. b5 Nd8 27. Rc1
Qb7 28. Rxc8 Qxc8 29. Qe3 Qc7 30. Be2 Nb7 31. h4 a4 32. Nd4 Qc5 33. h5 Na5 34.
Bh4 Nc4 35. Bxc4 dxc4 36. h6 g6 37. Qg5 Ng8 38. Qd8 Qxe5 39. Qxd7 Nxh6 40. Nxe6
Qe1+ 41. Kg2 Qe4+ 42. f3 Qe5 43. Bf2 Kg8 1-0

[Event "International chess holiday M11"]
[Site "?"]
[Date "2019.07.21"]
[Round "1"]
[White "Hartwig, Maik"]
[Black "Reichmann, Steffen"]
[Result "1/2-1/2"]
[WhiteElo "2100"]
[BlackElo "1986"]
[Annotator "Doe,John"]
[PlyCount "70"]

1. d4 Nf6 2. Nf3 d5 3. Bf4 c6 4. c3 e6 5. Nbd2 Bd6 6. Bg5 h6 7. Bh4
Nbd7 8. e4 dxe4 9. Nxe4 Be7 10. Nxf6+ Nxf6 11. Bd3 O-O 12. O-O b6 13. Ne5 Bb7
14. f4 c5 15. dxc5 Bxc5+ 16. Kh1 Be7 17. Qe2 Nd5 18. Bg3 Qc8 19. f5 Bc5 20.
fxe6 Qxe6 21. Qe4 f5 22. Rxf5 Rxf5 23. Qxf5 Qxf5 24. Bxf5 Ne3 25. Bh3 Rd8 26.
b4 Be7 27. Bf2 Bf6 28. Bxe3 Bxe5 29. Rc1 Rd3 30. Be6+ Kf8 31. Bd4 Bxd4 32. cxd4
Rxd4 33. Rf1+ Ke7 34. Bb3 Be4 35. Kg1 Bd5 1/2-1/2

[Event "International chess holiday M11"]
[Site "?"]
[Date "2019.07.21"]
[Round "1"]
[White "Vetrovsky, Michal"]
[Black "Kalinsky, Vladimir"]
[Result "1-0"]
[WhiteElo "2095"]
[BlackElo "2202"]
[Annotator "Doe,John"]
[PlyCount "95"]

1. Nf3 c5 2. c4 Nc6 3. g3 g6 4. Bg2 Bg7 5. Nc3 Nf6 6. O-O O-O 7. d4 d6
8. d5 Na5 9. Nd2 e5 10. Qc2 a6 11. b3 Rb8 12. Bb2 Nd7 13. Rae1 f5 14. Nd1 Nf6
15. e3 Bd7 16. f4 e4 17. Nf2 b5 18. Ba1 Qe7 19. g4 bxc4 20. bxc4 Nxg4 21. Nxg4
fxg4 22. Bc3 Ba4 23. Qc1 Nb7 24. Nxe4 Bxc3 25. Qxc3 Qg7 26. Qd2 Nd8 27. Nxd6
Rb2 28. Qa5 Bc2 29. Rf2 Bd3 30. Qa3 Rxf2 31. Kxf2 Qe7 32. Qxd3 Qxd6 33. Kg1 Re8
34. Rb1 Ne6 35. Qb3 Ng7 36. Qb6 Qe7 37. e4 Qh4 38. Qxc5 g3 39. hxg3 Qxg3 40.
Qf2 Qd3 41. Re1 Qxc4 42. Rd1 Qa4 43. Qd4 Qxa2 44. d6 Ne6 45. d7 Rd8 46. Qf6 Qb3
47. Kh2 Rf8 48. d8=Q 1-0

[Event "International chess holiday K11"]
[Site "?"]
[Date "2019.07.21"]
[Round "1"]
[White "Hadzala, Daniel"]
[Black "Nentvich, Libor"]
[Result "1-0"]
[WhiteElo "2049"]
[BlackElo "1839"]
[Annotator "Doe,John"]
[PlyCount "51"]

1. Nf3 Nf6 2. g3 g6 3. Bg2 Bg7 4. O-O d5 5. d3 O-O 6. Nbd2 Nbd7 7. e4
c5 8. Re1 dxe4 9. dxe4 Ng4 10. h3 Nge5 11. Nh2 Nb6 12. Rb1 Be6 13. b3 Qd7 14.
h4 Rad8 15. Qe2 c4 16. Ndf3 cxb3 17. axb3 Ng4 18. Nf1 Bc3 19. Bd2 Bxd2 20.
N1xd2 Ne5 21. Nf1 Nxf3+ 22. Bxf3 h5 23. Rbd1 Qc8 24. Ne3 Nd7 25. Nd5 Ne5 26.
Nxe7+ 1-0

[Event "International chess holiday K11"]
[Site "?"]
[Date "2019.07.21"]
[Round "1"]
[White "Sniegon, Adam"]
[Black "Pribyl, Jaroslav"]
[Result "1/2-1/2"]
[WhiteElo "1809"]
[BlackElo "1926"]
[Annotator "Doe,John"]
[PlyCount "76"]

1. d4 d5 2. c4 c6 3. Nc3 e6 4. e3 Nf6 5. Nf3 Nbd7 6. Qc2 Bd6 7. b3 O-O
8. Bb2 Re8 9. Be2 e5 10. cxd5 Nxd5 11. Nxd5 cxd5 12. dxe5 Nxe5 13. O-O Nxf3+
14. Bxf3 Be6 15. Rfd1 Qg5 16. g3 Be5 17. Bxe5 Qxe5 18. Qd3 Red8 19. Qd4 f6 20.
Rac1 Qxd4 21. Rxd4 Rd7 22. Rc5 Rad8 23. Rc1 Kf7 24. Rcd1 Ke7 25. Bg4 Bxg4 26.
Rxg4 g6 27. Rgd4 Ke6 28. Kg2 Kf5 29. Kf3 Rc8 30. R1d2 h6 31. Rh4 h5 32. Rhd4 g5
33. h4 gxh4 34. Rxh4 Rh8 35. Kg2 Ke5 36. Kf3 Rg7 37. Rhd4 Rd8 38. Rb4 Rb8
1/2-1/2

[Event "International chess holiday K11"]
[Site "?"]
[Date "2019.07.21"]
[Round "1"]
[White "Husa, Daniel"]
[Black "Spindler, Markus"]
[Result "0-1"]
[WhiteElo "1784"]
[BlackElo "1972"]
[Annotator "Doe,John"]
[PlyCount "136"]

1. d4 f5 2. Qd3 d5 3. Nf3 Nf6 4. c4 e6 5. Nc3 Bd6 6. e3 O-O 7. Be2 c6
8. O-O Ne4 9. Nd2 Nd7 10. Ndxe4 fxe4 11. Qc2 Qh4 12. h3 Nf6 13. Bd2 Bd7 14. c5
Bc7 15. b4 g5 16. Be1 Qh6 17. Bd2 g4 18. g3 Qxh3 19. Bc1 Nh5 20. Nxe4 dxe4 21.
Qxe4 Nf6 22. Qc2 e5 23. Bc4+ Kh8 24. Bb2 Qh5 25. Kg2 Bf5 26. Bd3 e4 27. Bc4 Nd5
28. Rh1 Qf7 29. Rh6 Be6 30. Bxd5 cxd5 31. Rah1 Qf3+ 32. Kg1 Bg8 33. R1h2 Bxg3
34. Rg2 Bc7 35. b5 g3 36. fxg3 Bxg3 37. Qe2 Qxe2 38. Rxe2 Kg7 39. Rh5 Bc7 40.
Rg2+ Kf6 41. Rh6+ Ke7 42. c6 Rf6 43. Rg7+ Bf7 44. Ba3+ Ke6 45. Rxf7 Kxf7 46.
Rxh7+ Ke6 47. Re7+ Kf5 48. Rxc7 bxc6 49. bxc6 Rg8+ 50. Kf2 Ke6+ 51. Ke1 Rg1+
52. Kd2 Kf5 53. Rxa7 Rxc6 54. Rf7+ Kg6 55. Rd7 Rg2+ 56. Kd1 Rb6 57. Kc1 Rf6 58.
Kb1 Rf1+ 59. Bc1 Rgg1 60. Rd6+ Kf7 61. Rc6 Re1 62. Rc3 Ke6 63. a4 Rg8 64. a5
Ra8 65. Rc5 Rf1 66. Rc6+ Kd7 67. Rc5 Rc8 68. a6 Kd6 0-1

[Event "International chess holiday K11"]
[Site "?"]
[Date "2019.07.21"]
[Round "1"]
[White "Thomasson, Staffan"]
[Black "Hejsek, Lukas"]
[Result "0-1"]
[WhiteElo "1876"]
[BlackElo "1885"]
[Annotator "Doe,John"]
[PlyCount "122"]

1. c4 c5 2. Nc3 g6 3. e3 Bg7 4. Nge2 Nc6 5. d4 cxd4 6. exd4 Nf6 7. d5
Ne5 8. Nd4 d6 9. h3 O-O 10. Be3 a6 11. Be2 Qc7 12. Qb3 Nfd7 13. O-O Nc5 14. Qc2
a5 15. Rae1 Ned7 16. Ncb5 Qd8 17. Bg5 Ne5 18. f4 Ned7 19. Rf3 Nf6 20. Re3 Bd7
21. Bf3 Bxb5 22. Nxb5 Re8 23. Qe2 Qb6 24. Kh1 Rac8 25. Bh4 e6 26. dxe6 Rxe6 27.
Bxf6 Bxf6 28. Bg4 Rxe3 29. Qxe3 Rd8 30. b3 d5 31. Rd1 dxc4 32. Rxd8+ Bxd8 33.
Qe8+ Kg7 34. bxc4 Bf6 35. Bf3 Ne6 36. Bd5 Qf2 37. Bxe6 Qf1+ 38. Kh2 Qxf4+ 39.
Kh1 Qf1+ 40. Kh2 Be5+ 41. g3 Qf2+ 42. Kh1 Qf3+ 43. Kg1 Qxg3+ 44. Kf1 Qf3+ 45.
Kg1 Qd1+ 46. Kf2 Qd2+ 47. Kf3 Qf4+ 48. Kg2 Qe4+ 49. Kf1 Qd3+ 50. Kg2 Qe2+ 51.
Kg1 fxe6 52. Qe7+ Kh6 53. Qh4+ Qh5 54. Qe4 Qg5+ 55. Kh1 Qg3 56. Qe2 Qxh3+ 57.
Kg1 Qg3+ 58. Kh1 Qh4+ 59. Kg1 Qg5+ 60. Kf1 Qc1+ 61. Kg2 Qb2 0-1

[Event "International chess holiday K11"]
[Site "?"]
[Date "2019.07.21"]
[Round "1"]
[White "Pokorny, Jan"]
[Black "Ekberg, Karl"]
[Result "1-0"]
[WhiteElo "1882"]
[BlackElo "1868"]
[Annotator "Doe,John"]
[PlyCount "68"]

1. e4 c6 2. d4 d5 3. Nd2 dxe4 4. Nxe4 Bf5 5. Ng3 Bg6 6. Nf3 Nd7 7. Bd3
Bxd3 8. Qxd3 e6 9. O-O Ngf6 10. b4 Qc7 11. a3 Bd6 12. Re1 O-O 13. Ne4 Bf4 14.
g3 Bxc1 15. Raxc1 Rad8 16. c3 Rfe8 17. Qc2 b6 18. Nxf6+ Nxf6 19. Ne5 Rd5 20.
Qe2 Qb7 21. Qf3 Rc8 22. g4 Qe7 23. h3 Nd7 24. Nxc6 Rxc6 25. Qxd5 Qd6 26. Qxd6
Rxd6 27. f3 Kf8 28. Kf2 Nf6 29. Red1 b5 30. c4 bxc4 31. Rxc4 Nd5 32. Rdc1 Ke7
33. b5 g5 34. Rc6 Rd7 necitelné 1-0

[Event "International chess holiday M11"]
[Site "?"]
[Date "2019.07.21"]
[Round "2"]
[White "Morling, Joakim"]
[Black "Hogeman, Joel"]
[Result "0-1"]
[WhiteElo "2081"]
[BlackElo "2140"]
[Annotator "Doe,John"]
[PlyCount "74"]

1. d4 Nf6 2. c4 e6 3. Nc3 Bb4 4. Qc2 c5 5. dxc5 Bxc5 6. Nf3 Qb6 7. e3
Qc7 8. Be2 a6 9. O-O b6 10. b3 Bb7 11. Bb2 Be7 12. Rfd1 d6 13. Rac1 Nbd7 14.
Nd2 Rc8 15. Bf3 Bxf3 16. Nxf3 O-O 17. Qe2 Qb7 18. Rc2 Rfd8 19. Ne1 Bf8 20. Rcd2
Rb8 21. Rd4 Rdc8 22. Nc2 b5 23. cxb5 axb5 24. Rb4 Rxc3 25. Bxc3 Nd5 26. Rh4 Be7
27. Rxd5 Qxd5 28. Rd4 Qc6 29. Bb4 Nc5 30. Rd1 d5 31. Nd4 Qb7 32. Rc1 Nxb3 33.
axb3 Bxb4 34. Qc2 Bf8 35. Nc6 Ra8 36. Ne5 Bd6 37. Ng4 h5 0-1

[Event "International chess holiday M11"]
[Site "?"]
[Date "2019.07.21"]
[Round "2"]
[White "Reichmann, Steffen"]
[Black "Schaefer, Martin"]
[Result "0-1"]
[WhiteElo "1986"]
[BlackElo "2011"]
[Annotator "Doe,John"]
[PlyCount "79"]

1. e4 c5 2. Nc3 a6 3. f4 e6 4. Nf3 d5 5. exd5 exd5 6. d4 cxd4 7. Nxd4
Bb4 8. Bd2 Nc6 9. Nce2 Qe7 10. c3 Bd6 11. Qc2 Nxd4 12. cxd4 Nh6 13. O-O-O Bf5
14. Qb3 Rc8+ 15. Nc3 Be4 16. Re1 O-O 17. Bd3 b5 18. Bxe4 dxe4 19. Kb1 Nf5 20.
Qd5 g6 21. g4 Rfd8 22. Qxe4 b4 23. Nd5 Qxe4+ 24. Rxe4 Nh4 25. Rf1 f5 26. Re6
fxg4 27. Rxd6 Nf3 28. Bxb4 Kf7 29. Rxd8 Rxd8 30. Ne3 Rxd4 31. Bc3 Rd3 32. Kc2
Rxe3 33. Rf2 h5 34. Bd2 Re4 35. Bc1 Ke6 36. a3 Kf5 37. b4 h4 38. Kc3 Ne1 39. a4
Rxb4 40. Re2 0-1

[Event "International chess holiday M11"]
[Site "?"]
[Date "2019.07.21"]
[Round "2"]
[White "Hartwig, Maik"]
[Black "Vetrovsky, Michal"]
[Result "1/2-1/2"]
[WhiteElo "2100"]
[BlackElo "2095"]
[Annotator "Doe,John"]
[PlyCount "62"]

1. d4 Nf6 2. Nf3 g6 3. Nc3 d5 4. g3 Bg7 5. Bg2 O-O 6. O-O b6 7. Bf4 Bb7
8. Qc1 Nbd7 9. Bh6 c5 10. Bxg7 Kxg7 11. Qf4 cxd4 12. Qxd4 Qc7 13. Qd2 e5 14.
Nh4 e4 15. Nb5 Qe5 16. Qd4 Qxd4 17. Nxd4 Nc5 18. Rfd1 Ng4 19. e3 Ne5 20. Bf1
Ne6 21. Be2 Rac8 22. c3 Nc5 23. Nb5 Ba6 24. Rxd5 Ncd3 25. Nxa7 Rc5 26. Rxc5
bxc5 27. f4 Nc4 28. b3 Nxe3 29. Ng2 Nxg2 30. Kxg2 Nxf4+ 31. gxf4 Bxe2 1/2-1/2

[Event "International chess holiday M11"]
[Site "?"]
[Date "2019.07.21"]
[Round "2"]
[White "Kalisky, Vladimir"]
[Black "Lokander, Martin"]
[Result "0-1"]
[WhiteElo "2202"]
[BlackElo "2397"]
[Annotator "Doe,John"]
[PlyCount "106"]

1. c4 c6 2. Nf3 d5 3. g3 dxc4 4. Bg2 Nf6 5. O-O Nbd7 6. Na3 Nb6 7. Qc2
g6 8. Nxc4 Nxc4 9. Qxc4 Bg7 10. d3 O-O 11. Qh4 Nd5 12. a3 e5 13. Bg5 f6 14. Bd2
Re8 15. Rfd1 Be6 16. Bh3 Bxh3 17. Qxh3 e4 18. dxe4 Rxe4 19. e3 f5 20. Bc3 Bxc3
21. bxc3 Qe7 22. Rac1 Re8 23. c4 Nf6 24. Rd3 Ng4 25. Rcd1 Nf6 26. Qf1 h6 27.
Rd6 Kh7 28. R1d3 Nd5 29. Rxg6 Nxe3 30. fxe3 Kxg6 31. Nh4+ Rxh4 32. gxh4 Rg8 33.
Qf4 Kh5+ 34. Kf1 Qf6 35. Rd4 Rg4 36. Qf3 Kg6 37. h5+ Kf7 38. Ke2 Rxd4 39. exd4
Qe7+ 40. Qe3 Qxe3+ 41. Kxe3 b5 42. d5 bxc4 43. dxc6 Ke6 44. Kd4 Kd6 45. Kxc4
Kxc6 46. Kd4 Kd6 47. Ke3 Ke5 48. a4 a5 49. Kf3 f4 50. h3 Kf5 51. Kf2 Ke4 52.
Ke2 f3+ 53. Kf1 Ke3 0-1

[Event "International chess holiday M11"]
[Site "?"]
[Date "2019.07.21"]
[Round "2"]
[White "Henztgen, Thomas"]
[Black "Houška, Jiri"]
[Result "1-0"]
[WhiteElo "2004"]
[BlackElo "2169"]
[Annotator "Doe,John"]
[PlyCount "107"]

1. b3 e5 2. Bb2 Nc6 3. e3 Nf6 4. Bb5 Bd6 5. Na3 Na5 6. Nf3 a6 7. Be2
Qe7 8. Qc1 O-O 9. O-O c5 10. c4 Nc6 11. d3 Bc7 12. Qc2 b6 13. Rac1 Bb7 14. Rfd1
Rfe8 15. Qd2 Rad8 16. Nb1 d5 17. cxd5 Nxd5 18. Nc3 Nxc3 19. Qxc3 Nb4 20. Ra1
Bb8 21. a3 Nc6 22. Rac1 Nd4 23. Qe1 Nxf3+ 24. Bxf3 Bxf3 25. gxf3 Qf6 26. Qe2
Re6 27. Rc4 Red6 28. Rg4 Qe7 29. f4 Rg6 30. f5 Rxg4+ 31. Qxg4 Qd7 32. Qh4 f6
33. Qc4+ Kh8 34. Qe4 g6 35. fxg6 hxg6 36. Kf1 Kg7 37. Ke2 Rh8 38. Rg1 g5 39. h4
Kf7 40. hxg5 f5 41. g6+ Ke6 42. Qc4+ Qd5 43. Qxd5+ Kxd5 44. g7 Rg8 45. Rg6 Bd6
46. f4 exf4 47. exf4 Bxf4 48. Rxb6 Be5 49. Bxe5 Kxe5 50. Rg6 a5 51. Ke3 f4+ 52.
Kf3 Kd4 53. Kxf4 Kxd3 54. Rg3+ 1-0

[Event "International chess holiday K11"]
[Site "?"]
[Date "2019.07.21"]
[Round "2"]
[White "Nentvich, Libor"]
[Black "Sniegon, Adam"]
[Result "0-1"]
[WhiteElo "1839"]
[BlackElo "1809"]
[Annotator "Doe,John"]
[PlyCount "42"]

1. e4 c6 2. d4 d5 3. exd5 cxd5 4. c4 Nc6 5. Nc3 Nf6 6. Nf3 Bg4 7. cxd5
Nxd5 8. Qb3 Nxc3 9. bxc3 Bxf3 10. gxf3 Qc7 11. Bh3 e6 12. Be3 Be7 13. Rb1 Rb8
14. f4 O-O 15. Rg1 Na5 16. Qc2 Nc4 17. Rb5 Na3 18. Qb3 Nxb5 19. Qxb5 Qxc3+ 20.
Ke2 Qc2+ 21. Kf3 Qc6+ 0-1

[Event "International chess holiday K11"]
[Site "?"]
[Date "2019.07.21"]
[Round "2"]
[White "Thomasson, Staffan"]
[Black "Husa, Daniel"]
[Result "1/2-1/2"]
[WhiteElo "1876"]
[BlackElo "1784"]
[Annotator "Doe,John"]
[PlyCount "67"]

1. c4 Nf6 2. g3 g6 3. Bg2 Bg7 4. Nc3 O-O 5. e3 c6 6. Nge2 d5 7. cxd5
cxd5 8. O-O Nc6 9. d4 b6 10. Nf4 e6 11. Qa4 Bb7 12. b4 Rc8 13. Qb3 Ne8 14. Bh3
Rb8 15. Bxe6 g5 16. Bxf7+ Rxf7 17. Ne6 Qe7 18. Nxg7 Nxg7 19. Ba3 Qd7 20. Rad1
Rd8 21. Bc1 g4 22. b5 Ne7 23. a4 Ne6 24. Ne2 Ng5 25. Nf4 Nf3+ 26. Kg2 Qf5 27.
Qd3 Qxd3 28. Rxd3 Ng5 29. Ba3 Rc8 30. Rc1 Rxc1 31. Bxc1 Nf5 32. Rc3 Nd6 33. Ba3
Nc4 34. Bb4 1/2-1/2

[Event "International chess holiday K11"]
[Site "?"]
[Date "2019.07.21"]
[Round "2"]
[White "Spindler, Markus"]
[Black "Hadzala, Daniel"]
[Result "0-1"]
[WhiteElo "1972"]
[BlackElo "2049"]
[Annotator "Doe,John"]
[PlyCount "66"]

1. e4 d6 2. d4 Nf6 3. Nc3 c6 4. Be3 Nbd7 5. h3 e5 6. dxe5 dxe5 7. Nf3
Qc7 8. Bd3 Bb4 9. Qd2 O-O 10. O-O Nc5 11. Nb5 Bxd2 12. Nxc7 Bxe3 13. Nxa8 Bf4
14. Nc7 Nxd3 15. cxd3 Bd7 16. g3 Bh6 17. Nxe5 Bxh3 18. Rfd1 Rc8 19. f3 Rxc7 20.
g4 Bf4 21. d4 h5 22. Nd3 Be3+ 23. Nf2 hxg4 24. Rd3 Bxf2+ 25. Kxf2 gxf3 26. Rxf3
Nxe4+ 27. Ke3 Ng5 28. Rf2 f6 29. Rh1 Be6 30. b3 Bd5 31. Rh4 Re7+ 32. Kd3 Re4
33. Rxe4 Nxe4 0-1

[Event "International chess holiday K11"]
[Site "?"]
[Date "2019.07.21"]
[Round "2"]
[White "Hejsek, Lukas"]
[Black "Ekberg, Karl"]
[Result "0-1"]
[WhiteElo "1885"]
[BlackElo "1868"]
[Annotator "Doe,John"]
[PlyCount "110"]

1. d4 d5 2. Nf3 Nf6 3. g3 c5 4. c4 e6 5. Bg2 Be7 6. O-O O-O 7. Nc3 cxd4
8. Nxd4 e5 9. Nc2 d4 10. Nd5 Nc6 11. e3 dxe3 12. Ncxe3 Nxd5 13. Nxd5 Bc5 14.
Be3 Bxe3 15. Nxe3 Be6 16. b3 Qc8 17. Qh5 f5 18. Nd5 f4 19. Rfe1 Bg4 20. Qg5 h6
21. Qxe5 Nxe5 22. Ne7+ Kh8 23. Nxc8 Raxc8 24. Rxe5 f3 25. Bf1 Rfe8 26. Rxe8+
Rxe8 27. Rd1 Bf5 28. h4 g5 29. hxg5 hxg5 30. c5 Kg7 31. b4 g4 32. a3 Kf6 33.
Bb5 Re7 34. Kf1 a6 35. Bd3 Rd7 36. Bc2 Rh7 37. Kg1 Bxc2 38. Rc1 Ba4 39. Rc4 Kg5
40. Rd4 Bc6 41. Rd8 Re7 42. Rg8+ Kf5 43. Rf8+ Ke5 44. Rg8 Bd7 45. Rb8 Be6 46.
c6 bxc6 47. Rb6 Bd5 48. Rxa6 Kf5 49. Ra8 Re1+ 50. Kh2 Rf1 51. Rf8+ Ke5 52. b5
Rxf2+ 53. Kh1 cxb5 54. a4 Rf1+ 55. Kh2 f2 0-1

[Event "International chess holiday K11"]
[Site "?"]
[Date "2019.07.21"]
[Round "2"]
[White "Pribyl, Jaroslav"]
[Black "Pokorny, Jan"]
[Result "1/2-1/2"]
[WhiteElo "1926"]
[BlackElo "1882"]
[Annotator "Doe,John"]
[PlyCount "84"]

1. d4 d5 2. Nc3 Nf6 3. e4 dxe4 4. f3 e3 5. Bxe3 Bf5 6. Nge2 h6 7. Qd2
e6 8. O-O-O c6 9. g4 Bh7 10. h4 Nd5 11. Nxd5 cxd5 12. g5 Nd7 13. Nc3 Bb4 14.
Bd3 Bxd3 15. Qxd3 Bxc3 16. Qxc3 Rc8 17. Qd3 Qc7 18. f4 Qc4 19. Qxc4 Rxc4 20.
Kd2 h5 21. Kd3 g6 22. b3 Rc6 23. a4 Ke7 24. Bd2 Rhc8 25. c3 f6 26. Rde1 f5 27.
Rb1 b6 28. Rhc1 a6 29. c4 a5 30. cxd5 exd5 31. Re1+ Kf7 32. b4 axb4 33. Bxb4
Nf8 34. Re7+ Kg8 35. Rb3 Ne6 36. Bd2 R8c7 37. Re8+ Kf7 38. Rb8 Rc4 39. Be3 Rxa4
40. R8xb6 Ke7 41. R6b4 Rxb4 42. Rxb4 Ra7 1/2-1/2

[Event "International chess holiday M11"]
[Site "?"]
[Date "2019.07.22"]
[Round "3"]
[White "Hogeman, Joel"]
[Black "Kalisky, Vladimir"]
[Result "1-0"]
[WhiteElo "2140"]
[BlackElo "2202"]
[Annotator "Doe,John"]
[PlyCount "47"]

1. e4 e5 2. Nf3 Nc6 3. Bb5 a6 4. Ba4 Nf6 5. O-O Be7 6. Re1 b5 7. Bb3 d6
8. c3 O-O 9. h3 Na5 10. Bc2 c5 11. d4 Qc7 12. Nbd2 Bd7 13. Nf1 Rfc8 14. dxe5
dxe5 15. Ne3 Be8 16. Nh2 Rd8 17. Qf3 c4 18. Nf5 Nb7 19. Bh6 Bf8 20. Bg5 Nd6 21.
Nxg7 Bxg7 22. Bxf6 Bc6 23. Bxg7 Kxg7 24. Qg3+ 1-0

[Event "International chess holiday M11"]
[Site "?"]
[Date "2019.07.22"]
[Round "3"]
[White "Houska, Jiri"]
[Black "Morling, Joakim"]
[Result "0-1"]
[WhiteElo "2169"]
[BlackElo "2081"]
[Annotator "Doe,John"]
[PlyCount "56"]

1. d4 d5 2. c4 Nc6 3. Nc3 dxc4 4. d5 Na5 5. Qa4+ c6 6. b4 b5 7. Qxa5
Qxa5 8. bxa5 b4 9. Nd1 cxd5 10. e4 e6 11. Ne3 Nf6 12. exd5 exd5 13. Nxc4 dxc4
14. Bxc4 Bc5 15. Nf3 O-O 16. O-O Bb7 17. Bb2 Rac8 18. Bb3 Ba6 19. Rfe1 Rfd8 20.
h3 Bb7 21. Rad1 Ne4 22. Bd4 Bxd4 23. Rxd4 Rxd4 24. Nxd4 Kf8 25. a6 Ba8 26. Nb5
Rc5 27. Nxa7 Nc3 28. Re3 Rc7 0-1

[Event "International chess holiday M11"]
[Site "?"]
[Date "2019.07.22"]
[Round "3"]
[White "Vetrovsky, Michal"]
[Black "Reichmann, Steffen"]
[Result "1-0"]
[WhiteElo "2095"]
[BlackElo "1986"]
[Annotator "Doe,John"]
[PlyCount "79"]

1. Nf3 d5 2. b3 f6 3. d4 Nc6 4. Bb2 Bg4 5. h3 Bxf3 6. exf3 Qd7 7. Bb5
O-O-O 8. Qd2 e5 9. dxe5 fxe5 10. O-O d4 11. Qe2 Bd6 12. Nd2 a6 13. Bc4 Nf6 14.
Ne4 Nxe4 15. Qxe4 Rdf8 16. Bc1 Kb8 17. Rb1 Ne7 18. b4 Ng6 19. b5 a5 20. b6 c6
21. Qe1 Nf4 22. Bxf4 Rxf4 23. Qxa5 Rxf3 24. Rb3 Rxb3 25. axb3 Re8 26. Ra1 Kc8
27. Qd2 Qf5 28. Ra8+ Bb8 29. Bd3 e4 30. Be2 Qe5 31. g3 h5 32. Ra5 c5 33. Qf4
Qd5 34. Ra8 Qe5 35. Bxh5 Qxf4 36. gxf4 Rf8 37. Bg4+ Kd8 38. Rxb8+ Ke7 39. Rxb7+
Kd6 40. Rxg7 1-0

[Event "International chess holiday M11"]
[Site "?"]
[Date "2019.07.22"]
[Round "3"]
[White "Schaefer, Martin"]
[Black "Henztgen, Thomas"]
[Result "0-1"]
[WhiteElo "2011"]
[BlackElo "2004"]
[Annotator "Doe,John"]
[PlyCount "66"]

1. d4 e6 2. c4 b6 3. e4 Bb7 4. Bd3 f5 5. exf5 Bb4+ 6. Bd2 Bxd2+ 7. Nxd2
Bxg2 8. Qh5+ Kf8 9. fxe6 Qe8 10. Qxe8+ Kxe8 11. Be4 Bxh1 12. Bxh1 c6 13. d5
cxd5 14. Bxd5 Nc6 15. Ne4 Nf6 16. Nd6+ Kf8 17. O-O-O Nxd5 18. cxd5 Nd8 19. Re1
dxe6 20. dxe6 Ke7 21. Nf5+ Kf6 22. e7 Nc6 23. Nd6 Nxe7 24. Ne4+ Kg6 25. Nd6
Rad8 26. Re6+ Kh5 27. Re5+ g5 28. Rxe7 Rxd6 29. Rxa7 Kg6 30. Rc7 Rf8 31. f3 Re8
32. Kc2 Re1 33. Nh3 Re2+ 0-1

[Event "International chess holiday K11"]
[Site "?"]
[Date "2019.07.22"]
[Round "3"]
[White "Sniegon, Adam"]
[Black "Spindler, Markus"]
[Result "1/2-1/2"]
[WhiteElo "1809"]
[BlackElo "1972"]
[Annotator "Doe,John"]
[PlyCount "59"]

1. d4 f5 2. Bg5 Nf6 3. Bxf6 exf6 4. e3 d5 5. g3 Bd6 6. Bg2 c6 7. Ne2
O-O 8. O-O Na6 9. Nd2 Nc7 10. c4 Bb4 11. c5 Bxd2 12. Qxd2 Ne6 13. Rfb1 Ng5 14.
Nc3 Ne4 15. Nxe4 fxe4 16. b4 a6 17. a4 Bd7 18. Bf1 Qc8 19. Rb2 g5 20. Rab1 h5
21. b5 axb5 22. axb5 h4 23. bxc6 bxc6 24. Ra2 Rxa2 25. Qxa2 Qa8 26. Qb2 Bg4 27.
Qb7 Qa2 28. Rb2 Qa1 29. Rb1 Qa2 30. Rb2 1/2-1/2

[Event "International chess holiday K11"]
[Site "?"]
[Date "2019.07.22"]
[Round "3"]
[White "Husa, Daniel"]
[Black "Hejsek, Lukáš"]
[Result "1/2-1/2"]
[WhiteElo "1784"]
[BlackElo "1885"]
[Annotator "Doe,John"]
[PlyCount "45"]

1. d4 Nf6 2. c4 c5 3. d5 b5 4. cxb5 a6 5. bxa6 e6 6. Nc3 exd5 7. Nxd5
Nxd5 8. Qxd5 Nc6 9. g3 Be7 10. Bg2 O-O 11. Nf3 Bxa6 12. Ne5 Nxe5 13. Qxe5 Rb8
14. O-O Bf6 15. Qxc5 Bxe2 16. Re1 Re8 17. Bf1 Bxf1 18. Rxe8+ Qxe8 19. Kxf1 Qe4
20. Qe3 Qh1+ 21. Ke2 Kf8 22. Qc5+ Kg8 23. Qe3 1/2-1/2

[Event "International chess holiday K11"]
[Site "?"]
[Date "2019.07.22"]
[Round "3"]
[White "Pokorny, Jan"]
[Black "Nentvich, Libor"]
[Result "1-0"]
[WhiteElo "1882"]
[BlackElo "1839"]
[Annotator "Doe,John"]
[PlyCount "33"]

1. e4 Nf6 2. e5 Nd5 3. c4 Nb6 4. Nf3 d6 5. exd6 cxd6 6. b3 Nc6 7. d4 g6
8. Bb2 Bg7 9. Be2 Bf5 10. Bc3 a5 11. O-O Nd7 12. Na3 Nc5 13. Rc1 Ne4 14. Nb5
Nxc3 15. Rxc3 a4 16. bxa4 Rxa4 17. Qxa4 1-0

[Event "International chess holiday K11"]
[Site "?"]
[Date "2019.07.22"]
[Round "3"]
[White "Hadzala, Daniel"]
[Black "Thomasson, Staffan"]
[Result "0-1"]
[WhiteElo "2049"]
[BlackElo "1876"]
[Annotator "Doe,John"]
[PlyCount "60"]

1. Nf3 d5 2. g3 Nf6 3. Bg2 Bf5 4. O-O e6 5. d3 h6 6. Nbd2 Be7 7. Qe1
O-O 8. e4 Bh7 9. Qe2 c5 10. Re1 Nc6 11. e5 Nd7 12. Nf1 Rc8 13. h4 Qb6 14. g4
Nd4 15. Nxd4 cxd4 16. g5 hxg5 17. hxg5 Qc6 18. Qg4 Qxc2 19. Ng3 Bxd3 20. Bf3
Bb4 21. Bf4 Bxe1 22. Rxe1 Qxb2 23. Nh5 Bf5 24. Qh4 Qc3 25. Nf6+ Nxf6 26. gxf6
Qxf3 27. fxg7 Kxg7 28. Bh6+ Kg8 29. Qf6 Qg4+ 30. Kh2 Qh5+ 0-1